Schuman Report on Europe State of the Union 2012.

The Schuman Report on the State of the Union is a work of reference which everyone now looks forward to reading every year. For decision makers and observers of European policy it is a source of original thought and ideas, underpinned by a strong requirement for quality. It is a tool for those who a...

Πλήρης περιγραφή

Λεπτομέρειες βιβλιογραφικής εγγραφής
Συλλογικό Έργο: Robert Schuman Foundation (Συγγραφέας), SpringerLink (Online service)
Μορφή: Ηλεκτρονική πηγή Ηλ. βιβλίο
Γλώσσα:English
Έκδοση: Paris : Springer Paris : Imprint: Springer, 2012.
Θέματα:
Διαθέσιμο Online:Full Text via HEAL-Link
LEADER 03038nam a22004575i 4500
001 978-2-8178-0319-7
003 DE-He213
005 20151204165843.0
007 cr nn 008mamaa
008 120911s2012 fr | s |||| 0|eng d
020 |a 9782817803197  |9 978-2-8178-0319-7 
024 7 |a 10.1007/978-2-8178-0319-7  |2 doi 
040 |d GrThAP 
050 4 |a HD87-87.55 
072 7 |a KCP  |2 bicssc 
072 7 |a POL024000  |2 bisacsh 
082 0 4 |a 338.9  |2 23 
110 2 |a Robert Schuman Foundation.  |e author. 
245 1 0 |a Schuman Report on Europe  |h [electronic resource] :  |b State of the Union 2012. 
264 1 |a Paris :  |b Springer Paris :  |b Imprint: Springer,  |c 2012. 
300 |a 210 p.  |b online resource. 
336 |a text  |b txt  |2 rdacontent 
337 |a computer  |b c  |2 rdamedia 
338 |a online resource  |b cr  |2 rdacarrier 
347 |a text file  |b PDF  |2 rda 
520 |a The Schuman Report on the State of the Union is a work of reference which everyone now looks forward to reading every year. For decision makers and observers of European policy it is a source of original thought and ideas, underpinned by a strong requirement for quality. It is a tool for those who are looking for reliable sources in terms of European statistics and macro-economic data. Some eminent people have chosen to contribute their ideas also. In 2012, Jean-Claude Trichet, former President of the European Central Bank offers his analysis of the economic and financial crisis and Jean-Paul Herteman, Chairman of the European Aviation, Space and Defence Industries Federation, CEO of Safran, provides readers with his view of these high tech European industries in the world market. The very best specialists help to throw light on the major trends ongoing in the economy and also in international and European politics. This book includes around 30 maps that are often unique, in explanation of the major issues the Union is facing. It also includes a summary of political Europe which analyses the 2011 electoral year, looks into the political and economic representation of women in Europe and draws up an overview of normative output in the Union in 2011. A unique series of commented statistics and maps covers all of the main topical issues (growth, buying power, economy, demography, immigration, energy, environment) and enables the Schuman Report 2012 to present a full view of the European Union and its policies. 
650 0 |a Macroeconomics. 
650 0 |a European Economic Community literature. 
650 0 |a Economic policy. 
650 0 |a Law and economics. 
650 1 4 |a Economics. 
650 2 4 |a Economic Policy. 
650 2 4 |a European Integration. 
650 2 4 |a Macroeconomics/Monetary Economics//Financial Economics. 
650 2 4 |a Law and Economics. 
710 2 |a SpringerLink (Online service) 
773 0 |t Springer eBooks 
776 0 8 |i Printed edition:  |z 9782817803180 
856 4 0 |u http://dx.doi.org/10.1007/978-2-8178-0319-7  |z Full Text via HEAL-Link 
912 |a ZDB-2-SBE 
950 |a Business and Economics (Springer-11643)